Hlboko eutektické rozpúšťadlá a ich využitie pri extrakcii kôry
Na minha lista:
| Autor principal: | |
|---|---|
| Outros Autores: | |
| Formato: | Manuscrito Livro |
| Idioma: | eslovaco |
| Publicado em: |
2016
|
| Assuntos: | |
| Acesso em linha: | http://is.stuba.sk/zp/portal_zp.pl?podrobnosti=121154 |
| Tags: |
Sem tags, seja o primeiro a adicionar uma tag!
|
MARC
| LEADER | 00000ntm a22000003a 4500 | ||
|---|---|---|---|
| 001 | stuzp58011 | ||
| 003 | SK-STU | ||
| 005 | 20160719155434.1 | ||
| 007 | ta | ||
| 008 | 150427s2015----xo-----f-mn---000-0-slo-d | ||
| 040 | |a STU |b slo | ||
| 041 | 0 | |a slo | |
| 100 | 1 | |a Haščičová, Zuzana |u 049380 |4 aut |U FCHPT Ústav prírodných a syntetických polymérov |T FCHPT Oddelenie dreva, celulózy a papiera |X 42498 |U C9380 |Y 129 |7 42498 | |
| 242 | 0 | 1 | |a Deep eutectic solvents and their application in the extraction of bark |y eng |
| 245 | 1 | 0 | |a Hlboko eutektické rozpúšťadlá a ich využitie pri extrakcii kôry |
| 260 | |c 2016 | ||
| 650 | 4 | |a extrakcia kôry |2 slo | |
| 650 | 4 | |a hlboko eutektické rozpúšťadlá |2 slo | |
| 650 | 4 | |a termická stabilita |2 slo | |
| 650 | 4 | |a stanovenie celkového obsahu polyfenolov |2 slo | |
| 650 | 4 | |a antioxidačná aktivita |2 slo | |
| 650 | 4 | |a deep eutectic solvents |2 eng | |
| 650 | 4 | |a bark extraction |2 eng | |
| 650 | 4 | |a thermal stability |2 eng | |
| 650 | 4 | |a determination of polyphenols |2 eng | |
| 650 | 4 | |a antioxidant activity |2 eng | |
| 700 | 1 | |a Jablonský, Michal |u 049380 |k Z1 |4 ths |U FCHPT Ústav prírodných a syntetických polymérov |T FCHPT Oddelenie dreva, celulózy a papiera |X 4025 |U C9380 |Y 129 |7 A000004025 | |
| 856 | 4 | |u http://is.stuba.sk/zp/portal_zp.pl?podrobnosti=121154 | |
| SQL | |a stuzp58011 |b DDP |c SLO |d Hlboko eutektické rozpúšťadlá a ich využitie pri extrakcii kôry |e 42498 |f Haščičová, Zuzana |g 049380 |h 4025 |i Jablonský, Michal |j 20160607 |k 542 |l 04 |m http://is.stuba.sk/zp/portal_zp.pl?podrobnosti=121154 |n I-PSP |o 5.2.18. chemické technológie | ||